Sports Quiz

Random Sports or NBA Quiz

NBA Live cover athletes Quiz Stats

 Plays Quiz not verified by Sporcle

Score 0/21 Timer 10:00
0 Plays Today
Hint Answer % Correct
NBA Live 18James Harden
83.7%
NBA Live 16Russell Westbrook
82.1%
NBA Live 14Kyrie Irving
61%
NBA Live 96Shaquille O'Neal
54.5%
NBA Live 07Tracy McGrady
54.5%
NBA Live 2000Tim Duncan
52.8%
NBA Live 2005Carmelo Anthony
52%
NBA Live 2001Kevin Garnett
51.2%
NBA Live 2004Vince Carter
51.2%
NBA Live 09Tony Parker
51.2%
NBA Live 10Dwight Howard
51.2%
Hint Answer % Correct
NBA Live 15Damian Lillard
51.2%
NBA Live 2003Jason Kidd
42.3%
NBA Live 06Dwyane Wade
41.5%
NBA Live 08Gilbert Arenas
37.4%
NBA Live 2002Steve Francis
30.9%
NBA Live 98Tim Hardaway
28.5%
NBA Live 99Antoine Walker
25.2%
NBA Live 97Mitch Richmond
23.6%
NBA Live 95John Starks
14.6%
NBA Live 95Robert Horry
14.6%

You're not logged in!

Compare scores with friends on all Sporcle quizzes.
OR
Log In

Show Comments

Extras

Created Jan 13, 2018SourceReportNominate
Tags:NBA Quiz, cover, live

Top Quizzes Today


Score Distribution

Your Account Isn't Verified!

In order to create a playlist on Sporcle, you need to verify the email address you used during registration. Go to your Sporcle Settings to finish the process.

Report this User

Report this user for behavior that violates our Community Guidelines.

Details: